Foundations of Education Research (Record no. 85113)

MARC details
000 -LEADER
fixed length control field 00724nam a22002417a 4500
003 - CONTROL NUMBER IDENTIFIER
control field URS
005 - DATE AND TIME OF LATEST TRANSACTION
control field 20250828100517.0
008 - FIXED-LENGTH DATA ELEMENTS--GENERAL INFORMATION
fixed length control field 250319b ||||| |||| 00| 0 eng d
040 ## - CATALOGING SOURCE
Transcribing agency URS
050 ## - LIBRARY OF CONGRESS CALL NUMBER
Classification number LB1028
Item number .E268 2020
100 ## - MAIN ENTRY--PERSONAL NAME
9 (RLIN) 11396
Personal name Egbert, Joy
245 ## - TITLE STATEMENT
Title Foundations of Education Research
Remainder of title Understanding Theoretical Components
250 ## - EDITION STATEMENT
Edition statement 2nd Edition
264 ## - PRODUCTION, PUBLICATION, DISTRIBUTION, MANUFACTURE, AND COPYRIGHT NOTICE
Place of production, publication, distribution, manufacture New York
Name of producer, publisher, distributor, manufacturer Routledge
Date of production, publication, distribution, manufacture, or copyright notice ©2020
336 ## - CONTENT TYPE
Source rdacontent
Content type term text
337 ## - MEDIA TYPE
Source rdamedia
Media type term unmediated
338 ## - CARRIER TYPE
Source rdacarrier
Carrier type term volume
650 #0 - SUBJECT ADDED ENTRY--TOPICAL TERM
9 (RLIN) 7137
Topical term or geographic name entry element Education -- Research
650 #0 - SUBJECT ADDED ENTRY--TOPICAL TERM
9 (RLIN) 10078
Topical term or geographic name entry element Education, Higher -- Research -- Methodology.
650 #0 - SUBJECT ADDED ENTRY--TOPICAL TERM
9 (RLIN) 11397
Topical term or geographic name entry element Education
General subdivision General
700 ## - ADDED ENTRY--PERSONAL NAME
9 (RLIN) 11398
Personal name Sanden, Sherry
942 ## - ADDED ENTRY ELEMENTS (KOHA)
Source of classification or shelving scheme Library of Congress Classification
Koha item type Reserved Books
Holdings
Withdrawn status Source of classification or shelving scheme Damaged status Not for loan Collection code Home library Current library Date acquired Total Checkouts Full call number Barcode Date last seen Price effective from Koha item type
  Library of Congress Classification     Non-fiction Morong Graduate Library Morong Graduate Library 03/19/2025   LB1028 .E268 2020 URSMOR-GL-5752 03/19/2025 03/19/2025 Reserved Books

University of Rizal System
Email us at univlibservices@urs.edu.ph

Visit our Website www.urs.edu.ph/library